Ultimate Harry Potter Cast - Statistics

General Stats
  • This quiz has been taken 29 times
  • The average score is 19 of 45
Answer Stats
Character Actor % Correct
Harry Potter Daniel radcliffe
92%
Hermione Granger Emma Watson
92%
Ronald Weasley Rupert Grint
84%
Minerva Mcgonagall Maggie Smith
76%
Professor Snape Alan Rickman
72%
Draco Malfoy Tom Felton
68%
Sirius Black Gary Oldman
64%
Ginny Weasley Bonnie Wright
60%
Bellatrix Lestrange Helena Bonham Carter
60%
Fred Weasley James Phelps
60%
Neville Longbottom Matthew Lewis
60%
George Weasley Oliver Phelps
60%
Lord Voldemort Ralph Fiennes
60%
Cedric Diggory Robert Pattinson
60%
Luna Lovegood Evanna Lynch
56%
Rubeus Hagrid Robbie Coltrane
56%
Lucius Malfoy Jason Isaacs
48%
DumbleDore #1 Richard Harris
48%
Barty Crouch Jr David Tennant
44%
Sybill Trelawney Emma Thompson
44%
Alastor Moody Brendan Gleeson
40%
Remus Lupin David Thewlis
40%
Molly Weasley Julie walters
40%
Dumbledore #2 Michael Gambon
40%
Petunia Dursley Fiona Shaw
36%
Peter Pettigrew Timothy Spall
36%
Dolores Umbridge Imelda Staunton
32%
Horace Slughorn Jim Broadbent
32%
Gilderoy Lockhart Kenneth Branagh
32%
Dudley Dursley Harry Melling
28%
Nearly Headless Nick John Cleese
28%
Cho Chang Katie Leung
28%
Argus Filch David Bradley
24%
Narcissa Malfoy Helen McCrory
24%
arthur Weasley Mark Williams
24%
Xenophilius Lovegood Rhys Ifans
24%
Madam Hooch Zoe Wanamaker
24%
Rufus Scringemour Bill Nighy
20%
the fat LAdy Dawn French
20%
Seamus Finnegan Devon Murray
20%
Bill weasley Domhnall Gleeson
16%
Dean thomas Alfred Enoch
12%
Moaning Myrtle Shirley Henderson
12%
Cornelius Fudge Robert Hardy
8%
Madam Pompfrey Miriam Margoyles
4%
No matching quizzes found
Score Distribution
Percent of People with Each Score
Percentile by Number Answered
Your Score History
You have not taken this quiz